00354nam a2200145Ia 4500008004100000082001700041100002000058245003000078250000800108260002900116300000800145500002400153650001600177700001500193230524s9999 xx 000 0 und d a621.382bBAB aT.R.Ganesh Babu 0aLinear Integrated Circuts a1ST aNEW DELHIbScitechc2004 a8.3 aQuantity Number: 2 aElectronics a B.Suseela